LDR 00694naa#a2200193#i#450# 001 EN\\bibl\120514 005 20260418051431.6 011 ## _a1019-8946 100 ## _a20260410b2026####ek#y0engy0150####ca 102 ## _aRU 200 1# _aFeatures of application of GOST R 52253-2025 for butter, ghee, and butter pastes _eJournal article 210 1# _aKemerovo _cKemerovo State University _d2026 215 ## _a5 с. 608 ## _aJournal article _2local 675 ## _aСельское хозяйство. Лесное хозяйство. Охота. Рыбное хозяйство. 63 _z 700 #1 _aTopnikova _gElena V. 700 #1 _aPirogova _gEkaterina N. 700 #1 _aRumyantseva _gOlga S. 856 4# _ajcenter.kemsu.ru _u